Statistiques concernant Coupe du Monde Rugby: Canada

Cliquez ici pour prendre le quiz!

Statistiques générales

  • Ce quiz a été pris 33 fois
  • Le résultat moyen est 11 sur 12

Statistiques - réponses

Réponse% Correct
France
100%
Irlande
100%
Italie
100%
Nouvelle-Zélande
100%
Pays de Galles
100%
Afrique du Sud
97%
Australie
97%
Roumanie
93%
Namibie
90%
Tonga
90%
Fidji
87%
Japon
87%

Distribution des résultats

Percentile par nombre de réponses

% des personnes avec chaque résultat

Votre développement - résultats

Vous n’avez pas pris ce quiz